| 000 | 00672nam a2200253Ia 4500 | ||
|---|---|---|---|
| 008 | 170712s9999 xx 000 0 und d | ||
| 020 | _a9710868993 | ||
| 050 | _a613 | ||
| 050 | _bA657 2009 | ||
| 100 | _aAquino, Gaudencio V. | ||
| 245 | _aEveryone's practical guide to fitness & health / | ||
| 245 | _cby Gaudencio V. Aquino | ||
| 260 | _aPhilippines : | ||
| 260 | _bNational Book Store, | ||
| 260 | _c2009 | ||
| 300 | _aix, 194 pages : | ||
| 300 | _billustration ; | ||
| 300 | _c22cm. | ||
| 500 | _aIncludes bibliographic reference and appendix. | ||
| 650 | _aHealth -- | ||
| 650 | _aPhysical fitness. | ||
| 650 | _aTitle. | ||
| 650 | _xMiscellanea. | ||
| 999 |
_c340475 _d340475 |
||